Hospodářské dějiny 9 historické předpoklady zemědělsko-průmyslového komplexu v Československu

Gespeichert in:
Bibliographische Detailangaben
Format: Buch
Sprache:Tschechisch
Veröffentlicht: Praha Ústav československých a světových dějin ČSAV 1982
Tags: Tag hinzufügen
Keine Tags, Fügen Sie das erste Tag hinzu!

MARC

LEADER 00000nam a2200000 4500
001 c137607
005 20200722082837.7
041 0 |a cze 
044 |a CZ 
245 1 0 |a Hospodářské dějiny 9  |b historické předpoklady zemědělsko-průmyslového komplexu v Československu 
264 1 |a Praha  |b Ústav československých a světových dějin ČSAV  |c 1982 
300 |a 416 s.